Novely zákonov o zdravotnom a sociálnom poistení z pohľadu daňového a účtovného

S účinnosťou od 1. januára 2007 sa zákonom č. 673/2006 Z.z. doplnil zákon č. 580/2004 Z.z. o zdravotnom poistení. Z pohľadu podnikateľských subjektov táto novela stanovila záväzné termíny na vykonanie a podanie ročného zúčtovania zdravotného poistenia v roku 2007 za predchádzajúci kalendárny rok. Pr...

Descrizione completa

Salvato in:
Dettagli Bibliografici
Autore principale: Gášpárová, Eva
Natura: Capitolo di libro
Lingua:slovacco
Soggetti:
Tags: Aggiungi Tag
Nessun Tag, puoi essere il primo ad aggiungerne!!

MARC

LEADER 00000naa$a2200000$$$4500
001 0055977
005 20231114095715.4
041 0 |a slo 
044 |a SK 
245 1 0 |a Novely zákonov o zdravotnom a sociálnom poistení z pohľadu daňového a účtovného  |c Eva Gášpárová 
520 |a S účinnosťou od 1. januára 2007 sa zákonom č. 673/2006 Z.z. doplnil zákon č. 580/2004 Z.z. o zdravotnom poistení. Z pohľadu podnikateľských subjektov táto novela stanovila záväzné termíny na vykonanie a podanie ročného zúčtovania zdravotného poistenia v roku 2007 za predchádzajúci kalendárny rok. Pre zdravotné poisťovne a poskytovateľov zdravotnej starostlivosti je významnou zmenou zvýšenie sadzby poistného plateného štátom na 5 percent z vymeriavacieho základu v období od 1. januára do 30. aprílla 2007. 
610 2 0 |a poistenie sociálne 
610 2 0 |a poistenie zdravotné 
610 2 0 |a zákony 
610 2 0 |a novelizácia 
610 2 0 |a dane 
610 2 0 |a účtovníctvo 
100 1 |a Gášpárová, Eva